La policia y sus sindicatos en España
| Autor principal: | |
|---|---|
| Tipo de documento: | Print Libro |
| Lenguaje: | Español |
| Publicado: |
Madrid
Ed. Fundamentos
1982
|
| En: |
Colección Ciencia (132 : Serie psicología)
Año: 1982 |
| Disponibilidad en Tübingen: | Disponible en Tübingen. UB: KB 16 A 984 |
| Verificar disponibilidad: | HBZ Gateway |
| Servicio de pedido Subito: | Pedir ahora. |
MARC
| LEADER | 00000cam a22000002c 4500 | ||
|---|---|---|---|
| 001 | 1090463162 | ||
| 003 | DE-627 | ||
| 005 | 20251224220328.0 | ||
| 007 | tu | ||
| 008 | 900516s1982 xx ||||| 00| ||spa c | ||
| 020 | |a 8424503430 |9 84-245-0343-0 | ||
| 035 | |a (DE-627)1090463162 | ||
| 035 | |a (DE-576)020463162 | ||
| 035 | |a (DE-599)BSZ020463162 | ||
| 035 | |a (OCoLC)10912380 | ||
| 035 | |a (OCoLC)10912380 | ||
| 040 | |a DE-627 |b ger |c DE-627 |e rakwb | ||
| 041 | |a spa | ||
| 082 | 0 | |a 331.88/113632/0946 | |
| 084 | |a 7,34 |2 ssgn | ||
| 100 | 1 | |a Moya Lucendo, Mauricio |0 (DE-588)1157170366 |0 (DE-627)1020989122 |0 (DE-576)502694912 |4 aut | |
| 109 | |a Moya Lucendo, Mauricio |a Lucendo, Mauricio M. |a Moya-Lucendo, Mauricio | ||
| 245 | 1 | 3 | |a La policia y sus sindicatos en España |c Mauricio Moya Lucendo |
| 264 | 1 | |a Madrid |b Ed. Fundamentos |c 1982 | |
| 300 | |a 171 S. | ||
| 336 | |a Text |b txt |2 rdacontent | ||
| 337 | |a ohne Hilfsmittel zu benutzen |b n |2 rdamedia | ||
| 338 | |a Band |b nc |2 rdacarrier | ||
| 490 | 1 | |a Colección ciencia |v 132 |a Serie psicología | |
| 583 | 1 | |a Archivierung prüfen |c 20200919 |f DE-640 |z 1 |2 pdager | |
| 583 | 1 | |a Massenentsäuert |c 2011 |2 pdager |5 DE-18 | |
| 830 | 0 | |a Colección Ciencia |v 132 : Serie psicología |9 132 |w (DE-627)170657655 |w (DE-576)014351595 |w (DE-600)1087521-9 |7 am | |
| 889 | |w (DE-627)040046729 | ||
| 935 | |i mdedup | ||
| 951 | |a BO | ||
| ELC | |b 1 | ||
| LOK | |0 000 xxxxxcx a22 zn 4500 | ||
| LOK | |0 001 2144891141 | ||
| LOK | |0 003 DE-627 | ||
| LOK | |0 004 1090463162 | ||
| LOK | |0 005 20020606000000 | ||
| LOK | |0 008 900516||||||||||||||||ger||||||| | ||
| LOK | |0 040 |a DE-21 |c DE-627 |d DE-21 | ||
| LOK | |0 852 |a DE-21 | ||
| LOK | |0 852 1 |c KB 16 A 984 |9 00 | ||
| LOK | |0 935 |a krim | ||
| LOK | |0 936ln |a k4.5.1.4 | ||
| LOK | |0 939 |a 16-05-90 |b l01 | ||
| ORI | |a SA-MARC-krimdoka001.raw | ||
| SIG | |a UB: KB 16 A 984 | ||
